| 000 | 01130cam a2200217 4500 | ||
|---|---|---|---|
| 001 | WB3921-17 | ||
| 008 | 030603n2003 000 0 eng u | ||
| 035 | _a(Sirsi) u122506 | ||
| 245 | _aTraffic measures for historic towns | ||
| 260 | _c2003 | ||
| 490 |
_aEnglish Historic Towns Forum Press Release _v24 April 2003 (1) |
||
| 520 | _aThe English Historic Towns Forum has launched a review report on its"Historic core zone project report", which looks at development of four towns. It claims that historic town and city centres could be enhanced through improved measures to control traffic, backed by extra funding and emphasises that an enforceable level of priority for pedestrians over motorists should be adopted. Copies of the report and the review can be obtained from t +44 (0)117 975 0459. http://www.ehtf.org.uk/news_article.asp?id=98&list=article. | ||
| 590 | _aWB | ||
| 650 | _aTRAFFIC MANAGEMENT | ||
| 650 | _aHISTORIC CITY CENTRES | ||
| 650 | _aHISTORIC TOWNS | ||
| 650 | _aTOWN PLANNING | ||
| 650 | _aCITY PLANNING | ||
| 690 | _aENVIRONMENTAL AND LAND CONSULTANCY-PLANNING AND DEVELOPMENT | ||
| 942 | _n0 | ||
| 999 |
_c72809 _d72809 |
||